MARC

LEADER 00000nam0a2200000 4500
001 273303
005 20231101234622.0
035 |a (RuTPU)RU\TPU\book\296512 
090 |a 273303 
100 |a 20141024d1986 k y0rusy50 ca 
101 0 |a rus 
102 |a RU 
105 |a a z 001zy 
200 1 |a Вопросы повышения точности систем ориентации, навигации и управления  |e сборник научных трудов  |f Ленинградский институт авиационного приборостроения (ЛИАП) ; под ред. Л. А. Северова 
210 |a Ленинград  |c Изд-во ЛИАП  |d 1986 
215 |a 146 с.  |c ил. 
225 1 |a Межвузовский сборник [Ленинградского института авиационного приборостроения]  |v Вып. 184 
320 |a Библиогр. в конце ст. 
606 1 |a Навигационные устройства  |2 stltpush  |3 (RuTPU)RU\TPU\subj\44699  |9 63979 
610 1 |a авиация 
610 1 |a управление 
610 1 |a навигация 
610 1 |a ориентация 
610 1 |a точность 
610 1 |a авиационное оборудование 
610 1 |a автоматическое управление 
610 1 |a гидростабилизаторы 
610 1 |a гидроприводы 
610 1 |a навигационная информация 
610 1 |a информационно-измерительные системы 
610 1 |a навигационные приборы 
610 1 |a научные труды 
675 |a 629.73.05  |v 3 
702 1 |a Северов  |b Л. А.  |4 340 
712 0 2 |a Ленинградский институт авиационного приборостроения (ЛИАП)  |2 stltpush  |3 (RuTPU)RU\TPU\col\5782 
801 1 |a RU  |b 63413507  |c 20141024 
801 2 |a RU  |b 63413507  |c 20170117  |g RCR 
942 |c BK